000 00498nam a22001817a 4500
003 OSt
005 20170105103440.0
008 120220t xxu||||| |||| 00| 0 eng d
020 _a0849339421
040 _aASAB
_cASAB
100 _4Jeanette M Van Emon (Editor)
_931
245 _a Immunoassay and other Bioanalytical Techniques
260 _aNew York
_bCRC Press
_c2007
300 _a512
440 _aImmunoassay and other Bioanalytical Techniques
_932
650 _2Immunoassay
_933
942 _2ddc
_cBK
999 _c16440
_d16440